000 00970ngm a22003970a 4500
001 PT42270
003 AR-LpoUNG
005 20210201235935.0
007 vd cvaizq
008 191001s2010||||ag |||||||||||||||||spa d
037 _c$3.35
040 _aAR-LpoUNG
_bspa
_cAR-LpoUNG
_eaacr
041 _aspa
044 _aag
082 0 _a320.092 651bal
245 1 0 _aBaltasar Garzón en Argentina
260 _aBuenos Aires :
_bMiradas al Sur,
_c2010.
300 _aDVD (ca. 50 min.) : son., col.
650 4 _aARGENTINA
650 4 _aASPECTOS POLITICOS
650 4 _aASPECTOS SOCIALES
650 4 _aCOMPORTAMIENTO POLITICO
650 4 _aCORRUPCION
650 4 _aENTREVISTAS
650 4 _aESPAÑA
650 4 _aFUNCION PUBLICA
650 4 _aFUNCIONARIOS
650 4 _aTERRORISMO
651 4 _aArgentina
653 _aDOCUMENTALES
653 _aDVD
653 _aVIDEOS
710 2 _aCN23 (Buenos Aires)
905 _a42270
942 _cDVD
999 _c53815
_d53815